| 000 | 01259cam a2200277 i 4500 | ||
|---|---|---|---|
| 003 | SA-RiAUC | ||
| 005 | 20241208135426.0 | ||
| 008 | 241206s1989 qa g b 00000 ara c | ||
| 040 |
_aSA-RiKSU _bara _cSA-RiAUC _erda |
||
| 082 | 0 | 4 |
_a216.3 _qSA-RiAUC |
| 090 |
_a216.3 _bخ ل ي |
||
| 100 | 1 |
_aخليل، عماد الدين، _d1939- _eمؤلف. |
|
| 245 | 1 | 2 |
_aالمستشرقون والسيرة النبوية : _bبحث مقارن في منهج المستشرق البريطاني المعاصر مونتغومري وات / _cعماد الدين خليل. |
| 250 | _aالطبعة الأولى. | ||
| 264 | 1 |
_aالدوحة : _bدار الثقافة، _c1989 |
|
| 300 |
_a96 صفحة ؛ _c24 سم |
||
| 336 |
_aنص _btxt _2rdacontent _3كتاب |
||
| 337 |
_aبدون وسيط _bn _2rdamedia |
||
| 338 |
_aمجلد _bnc _2rdacarrier |
||
| 504 | _aببليوجرافية : صفحة 91-94. | ||
| 600 | 1 | 7 |
_aوات، و. مونتجمري _q(وليام مونتجمري)، _d1909-2006 _xآراء حول السيرة النبوية _2aucnm |
| 650 | 7 |
_aالسيرة النبوية _xدفع مطاعن _2aucsh |
|
| 650 | 7 |
_aالإسلام والاستشراق والمستشرقون _2aucsh |
|
| 942 |
_2ddc _cBOOK _n0 |
||
| 949 |
_aSA-JeALM _d241206 _umohamedma123 _n1 |
||
| 999 |
_c3118 _d3118 |
||